000 00321nam a22001337a 4500
008 170822b xxu||||| |||| 00| 0 eng d
020 _a9780521551779
041 _aeng
080 _a51
100 _a38
101 _aMAT
245 _aCLIFFORD ALGEBRA AND THE B CLASSICAL GROUPS
_cPORTEOUS.I.R
942 _2udc
_cBK
999 _c24547
_d24547